Marvel Rivals- All Team-ups and Changes - Statistics

General Stats
  • This quiz has been taken 27 times
    5 since last reset
  • The average score is 9 of 40
Answer Stats
Hint Team-up Name % Correct
2 Characters can go on the others shoulder. Planet x Pals
75%
Character gain a shield granting damage resistance and healing. Fantastic Four
50%
Character can throw the other. Fastball Special
50%
2 Characters get a gamma boost on an ability. Gamma Charge
50%
Character gains a big sword ability. Metallic Chaos
50%
One character revives the other 2 after getting a kill. Ragnarok Rebirth
50%
2 Characters get unlimited ammo. Ammo Overload
25%
Character can knock back enemies and heal. Atlas Bond
25%
Give teammate a smokescreen limiting enemy’s vision. Bestial Hunt
25%
Character does multiple strikes each sending out moon blades that bounce between enemies. Blade of Khonshu
25%
Teammate ability give enemies reduced healing and spawns a squid on kills. Deep Wrath
25%
2 Characters can go back in time. Dimensional Shortcut
25%
Give teammate a thunder spear. Divine Armory
25%
Character gains ability to attach to nearby enemy turning damage to health. Duality Dance
25%
Give teammate fire webs. Ever-Burning Bond
25%
2 Characters can revive themselves. Guardian Revival
25%
Character turns the others ult into water. Jeff-Nado
25%
Character make a area of invisibility. Lunar Force
25%
Character gains a toy that heals allies and gives enemies visual clutter. Mr. Pool’s Interdimensional Toy Box
25%
Character give ally a bomb that they can throw or keep for bonus health. Parker Power-Up
25%
Infuse teammate with Phoenix Force. Primal Flame
25%
Redesign of a old team up (hint: Not gamma this time). Psionic Mayhem
25%
Character can summon mines. Rocket Network
25%
Character receives nanotechnology that gives piercing shots. Stark Protocol
25%
Both characters smash into each other. Stars Aligned
25%
2 Characters gain the ability to shoot black spikes out of themsleves. Symbiote Bond
25%
Character gains symbiote strings that attach to allies that heal. Symbiote Shenanigans
25%
1 character can give allies a boost, other character can heal Allies'. Vibrant Vitality
25%
2 Characters abilities get electric enhancements. Voltanic Union
25%
Character gets to see after images of enemies. Allied Agents
0%
Character Gains ability to shoot magical bursts. Arcane Order
0%
Characters shots pierce through terrain. Chilling Assault
0%
2 Characters abilities get ice/slowing effects Chilling Charisma
0%
Character gains ability to tie up enemies. ESU Alumnus
0%
Launch explosive kinetic energy swords at enemies. Explosive Entaglement
0%
Character makes other characters turret gamma charged. Gamma Monstro
0%
2 Characters make fake clone of themselves. Mental Projection
0%
Characters shots pierce enemies. Operation: Microchip
0%
Character can set the others ult on fire. Storming Ignition
0%
Character's slash now heals teammates and applies anti-heal to enemies. Swords of Duality
0%
No matching quizzes found
Score Distribution
Percent of People with Each Score
Percentile by Number Answered
Your Score History
You have not taken this quiz since the last reset